| 000 | 00000nam 2200000zi 4500 |
| 001 | 9.946683 |
| 003 | CaOODSP |
| 005 | 20250109150801 |
| 006 | m o d f |
| 007 | cr mn||||||||| |
| 008 | 250109e196903##onca obs f000 0 fre d |
| 040 | |aCaOODSP|bfre|erda|cCaOODSP |
| 043 | |an-cn--- |
| 045 | |ax5x6 |
| 086 | 1 |aId32-10/1969F-PDF |
| 245 | 00|aÉtude sur l'industrie canadienne des placages et contreplaqués de bois franc / |cDirection des produits du bois, Ministère de l'industrie et du commerce. |
| 246 | 14|aÉtude de l'industrie canadienne du contreplaqué et placage de bois franc |
| 264 | 1|aOttawa : |bDirection des produits du bois, Ministère de l'industrie et du commerce, Division du bois, contreplaqué et matériaux de construction, |cmars 1969. |
| 300 | |a1 ressource en ligne (1 volume (pagination multiple)) : |billustrations |
| 336 | |atexte|btxt|2rdacontent/fre |
| 337 | |ainformatique|bc|2rdamedia/fre |
| 338 | |aressource en ligne|bcr|2rdacarrier/fre |
| 500 | |aPublié aussi en anglais sous le titre : A study of the Canadian hardwood veneer and plywood industry. |
| 500 | |aÉdition numérisée de l'imprimé [par Innovation, sciences et développement économique Canada]. |
| 504 | |aComprend des références bibliographiques. |
| 650 | 6|aPlacages (Ébénisterie)|xIndustrie|zCanada. |
| 650 | 6|aContreplaqué|xIndustrie|zCanada. |
| 650 | 6|aPlacages (Ébénisterie)|xIndustrie|zCanada|vStatistiques. |
| 650 | 6|aContreplaqué|xIndustrie|zCanada|vStatistiques. |
| 655 | 7|aStatistiques|2rvmgf |
| 710 | 1 |aCanada. |bMinistère de l'industrie et du commerce, |eorganisme de publication. |
| 775 | 08|tA study of the Canadian hardwood veneer and plywood industry / |w(CaOODSP)9.934244 |
| 856 | 40|qPDF|s4.40 Mo|uhttps://publications.gc.ca/collections/collection_2025/isde-ised/id32/Id32-10-1969-fra.pdf |